| 000 | 00607nam a2200217 a 4500 | ||
|---|---|---|---|
| 005 | 20220615063446.0 | ||
| 008 | 991125s1985 mx 000 0 spa u | ||
| 020 | _a9684327064 | ||
| 035 | _aUPN01000025845 | ||
| 049 | _aCG | ||
| 050 | 4 |
_aPQ1682 _bB8.6 1985 |
|
| 100 | 1 |
_aRabelais, Francois, _dca.1494-1553 _942187 |
|
| 245 | 1 | 0 |
_aGargantúa y Pantagruel / _cFrancis Rabelais. |
| 250 | _a2a ed. | ||
| 260 |
_aMéxico : _bPorrúa, _c1985. |
||
| 300 | _a497 p. | ||
| 440 | 0 |
_aSepan cuantos ; _v360 |
|
| 500 | _aBiografía de Rabelais p. ix-lviii | ||
| 650 | 0 |
_aLiteratura francesa _95152 |
|
| 905 | _aLibro | ||
| 999 |
_c25845 _d25845 |
||